00237nam a2200085Ia 4500001000800000005001700008008004100025245006100066260002400127111620420250827004041.0250824s9999 xx 000 0 und d 0aİNSANLAR MAYMUN MUYDU?cHÜSEYİN RAHMİ GÜRPINAR bÖZGÜR YAYINLARI